Fiesta Bowl Game Participants - Statistics

General Stats
  • This quiz has been taken 52 times
  • The average score is 29 of 40
Answer Stats
# Season(s) Conf. Answer Record % Correct
2 1985, 2022 Big Ten Michigan 1-1
93%
6 1988, 1994, 2000, 2005, 20152021 Independent Notre Dame 1-5
93%
9 1980, 1983, 2002, 2003, 20052008, 2015, 2016, 2019 Big Ten Ohio State 5-4
90%
4 1982, 2006, 2007, 2010 Big 12 Oklahoma 1-3
90%
2 2016, 2019 ACC Clemson 2-0
87%
3 2001, 2012, 2020 Pac-12 Oregon 2-1
87%
8 1976, 1977, 1980, 1981, 19861991, 1996, 2017 Big Ten Penn State 8-0
87%
2 1996, 2008 Big 12 Texas 1-1
87%
4 1984, 1986, 1993, 2002 ACC Miami 0-4
83%
3 1974, 2011, 2021 Big 12 Oklahoma State 3-0
83%
2 1978, 1984 Pac-12 UCLA 1-1
83%
1 1981 Pac-12 USC 0-1
83%
3 1979, 1993, 2014 Pac-12 Arizona 1-2
80%
3 1992, 1994, 2001 Pac-12 Colorado 1-2
80%
4 1971, 1987, 1989, 1998 ACC Florida State 2-2
80%
1 1990 SEC Alabama 0-1
77%
1 1995 SEC Florida 0-1
77%
1 2018 SEC LSU 1-0
77%
3 1991, 1998, 1999 SEC Tennessee 1-2
77%
1 2004 Pac-12 Utah 1-0
77%
6 1971, 1972, 1973, 1975, 19771982 Pac-12 Arizona State 5-1
73%
1 2013 Big 12 Baylor 0-1
73%
6 1975, 1985, 1987, 1989, 19951999 Big Ten Nebraska 2-4
73%
1 2017 Pac-12 Washington 0-1
73%
3 2006, 2009, 2014 Mountain West Boise State 3-0
70%
1 2020 Big 12 Iowa State 1-0
70%
1 2000 Pac-12 Oregon State 1-0
70%
1 2011 Pac-12 Stanford 0-1
70%
2 2009, 2022 Big 12 TCU 1-1
70%
1 1974 Big 12 BYU 0-1
67%
3 1997, 2003, 2012 Big 12 Kansas State 1-2
67%
4 1973, 1979, 1983, 2004 ACC Pittsburgh 1-3
63%
2 1988, 2007 Big 12 West Virginia 1-1
63%
2 2013, 2018 Big 12 UCF 1-1
57%
1 1990 ACC Louisville 1-0
53%
2 1992, 1997 ACC Syracuse 1-1
50%
1 2010 Independent UConn 0-1
50%
1 1978 SEC Arkansas 1-0
47%
1 1972 SEC Missouri 0-1
47%
1 1976 Mountain West Wyoming 0-1
13%
No matching quizzes found
Score Distribution
Percent of People with Each Score
Percentile by Number Answered
Your Score History
You have not taken this quiz